[Event "BAFDAG"]
[Site "SchemingMind.com"]
[Date "2021.11.27"]
[Round "-"]
[White "Nattybridge"]
[Black "Arnold Jones"]
[Result "1-0"]
[WhiteCountry "ENG"]
[BlackCountry "ENG"]
[WhiteElo "1949"]
[WhiteRD "78"]
[BlackElo "1477"]
[BlackRD "64"]
[GameID "717812"]

1. c4 e5 2. g3 f5 3. Bg2 Nf6 4. Nc3 e4 5. Nh3 Bc5 6. O-O d5 7. cxd5 Nxd5 8. Nxd5 Qxd5 9. Nf4 Qf7 10. d3 Bd6
11. dxe4 fxe4 12. Bxe4 O-O 13. Bd5 Bxf4 14. Bxf7+ Rxf7 15. Bxf4 Nc6 16. Qd5 Kh8 17. Qxf7
1-0